000
00303nam a22001337a 4500
999
_c
162968
_d
162968
020
_a
082
_a
_b
100
_a
Augusta Klein
245
_a
Legends and myths of spiritual India/
_c
by Augusta Klein.
260
_a
New Delhi:
_b
Discover,
_c
1984.
300
_a
355p.
650
_a
942
_c
BK